000
00291nam a22001337a 4500
008
210603b ||||| |||| 00| 0 eng d
041
_a
eng
080
_2
3rd
_a
159.9
082
_a
159.9
100
_a
48
101
_a
PSI
245
_a
Abnormal Psychology
_c
Rosenhan,D.L
942
_2
udc
_c
BK
999
_c
57935
_d
57935